[Event "Bayern-chA"]
[Site "Wildflecken"]
[Date "1993.??.??"]
[Round "?"]
[White "Loew, Gerald"]
[Black "Wimmer, Herbert"]
[Result "1/2-1/2"]
[WhiteElo "2235"]
[BlackElo "2270"]
[PlyCount "101"]
[EventDate "1993.??.??"]
[Source "www.chesslib.no"]
[SourceDate "2004.05.04"]

1. e4 e5 2. Bc4 d6 3. f4 exf4 4. d4 f5 5. Qe2 fxe4 6. Qxe4+ Qe7 7. Qxe7+ Bxe7 8. Bxf4 Bf5 9. Bb3 Nc6 10. Nf3 Na5 11. Ba4+ c6 12. c3 Nc4 13. Bc1 Kd7 14. O-O Bd3 15. Re1 Bf6 16. Nbd2 Ne7 17. Bb3 d5 18. Bxc4 dxc4 19. Ne4 b6 20. Bg5 Nd5 21. Nf2 Bg6 22. Bxf6 gxf6 23. Nd2 Rhe8 24. Nxc4 b5 25. Na5 Ne3 26. Nb3 Nc2 27. Nc5+ Kd6 28. Rxe8 Rxe8 29. Rc1 Kd5 30. Nfd3 Bxd3 31. Nxd3 Kc4 32. Nf4 Re1+ 33. Rxe1 Nxe1 34. g4 Nd3 35. Nh5 Nxb2 36. Nxf6 Kxc3 37. Nxh7 Kxd4 38. g5 Ke5 39. g6 Ke6 40. h4 Nd3 41. h5 Nf4 42. g7 Kf7 43. h6 Nd5 44. Ng5+ Kg8 45. Ne4 c5 46. Nxc5 Nf6 47. Nb3 Ng4 48. Nd4 Nxh6 49. Nxb5 Kxg7 50. Nxa7 Kf6 51. Kf2 1/2-1/2

[Event "Manila ol women"]
[Site "Manila PHI"]
[Date "1992.??.??"]
[Round "?"]
[White "Hund, Barbara"]
[Black "Cuevas-Rodriguez, Maria Luisa"]
[Result "1-0"]
[WhiteElo "2300"]
[BlackElo "2200"]
[PlyCount "89"]
[EventDate "1992.06.??"]
[Source "www.chesslib.no"]
[SourceDate "2004.05.04"]

1. e4 e5 2. Bc4 Nc6 3. d3 Bc5 4. Be3 d6 5. Nf3 Nf6 6. Bxc5 dxc5 7. Bb5 Qd6 8. Nbd2 Nd7 9. Nc4 Qe6 10. Bxc6 Qxc6 11. Nfxe5 Nxe5 12. Nxe5 Qf6 13. Nc4 b5 14. Nd2 c6 15. b3 O-O 16. O-O Qc3 17. Nf3 Bg4 18. Qd2 Qf6 19. Qg5 Qxg5 20. Nxg5 h6 21. Nf3 Bxf3 22. gxf3 g5 23. a4 a5 24. Kg2 f5 25. Rfe1 f4 26. h4 Kg7 27. hxg5 hxg5 28. Rh1 Kg6 29. Rh3 c4 30. dxc4 bxc4 31. bxc4 Rab8 32. Rah1 Rb4 33. Rh6+ Kg7 34. Rxc6 Rxa4 35. Rh5 Ra2 36. Rxg5+ Kf7 37. Rf5+ Ke7 38. Rxf8 Kxf8 39. Rf6+ Ke7 40. Rxf4 Rxc2 41. Rf5 a4 42. Rd5 Rxc4 43. Kg3 a3 44. Ra5 Rc3 45. Kg4 1-0

[Event "Mar del Plata op"]
[Site "Mar del Plata"]
[Date "2002.03.24"]
[Round "2"]
[White "Vasta, Eduardo"]
[Black "Coda, Carlos"]
[Result "1-0"]
[WhiteElo "2367"]
[BlackElo "2127"]
[PlyCount "75"]
[EventDate "2002.03.23"]
[Source "ChessBase"]
[SourceDate "2002.05.03"]

1. e4 e5 2. Bc4 d6 3. Nf3 Qe7 4. Nc3 c6 5. d4 Nd7 6. Bg5 Ngf6 7. a4 h6 8. Bh4 g5 9. Bg3 Nh5 10. dxe5 dxe5 11. Bxe5 Nxe5 12. Nxe5 Qxe5 13. Qxh5 Be6 14. Bxe6 Qxe6 15. O-O-O Bg7 16. Rd3 Rd8 17. Rhd1 Rxd3 18. Rxd3 O-O 19. h4 Bxc3 20. bxc3 Qxe4 21. hxg5 Qg6 22. Qxh6 Qxh6 23. gxh6 Kh7 24. Rd7 Rg8 25. Rxf7+ Kxh6 26. Rxb7 Rxg2 27. Rxa7 Rxf2 28. Rc7 Rf6 29. a5 Kg5 30. a6 Rf5 31. Rxc6 Ra5 32. Kb2 Kf5 33. Kb3 Ke5 34. Kb4 Ra1 35. Kc5 Ra2 36. Kb6 Rb2+ 37. Kc7 Ra2 38. Kb7 1-0

[Event "AUT-chT2S 9900"]
[Site "?"]
[Date "1999.11.20"]
[Round "3.4"]
[White "Schein Karl Heinz"]
[Black "Insam Heinz"]
[Result "1-0"]
[WhiteElo "2229"]
[BlackElo "2260"]
[PlyCount "51"]
[EventDate "1999.??.??"]
[Source "www.chesslib.no"]
[SourceDate "2004.05.04"]

1. e4 e5 2. Bc4 d6 3. Nf3 Qf6 4. Nc3 c6 5. d3 h6 6. Be3 Ne7 7. Qd2 Bg4 8. O-O-O c5 9. h3 Bd7 10. Nh2 g5 11. Ng4 Qg6 12. g3 h5 13. Nh2 Bh6 14. Kb1 Bxh3 15. Nb5 Kd7 16. f4 gxf4 17. gxf4 Qg2 18. Qc3 Qg3 19. fxe5 Bxe3 20. exd6 Ng6 21. Qg7 Na6 22. Qxf7+ Kc6 23. Nf1 Bxf1 24. Rhxf1 Nf4 25. Nc3 Qg5 26. Bxa6 1-0

[Event "Schaakfestival Groningen 2008 - Open A"]
[Site "Groningen OLA"]
[Date "2008.12.23"]
[Round "3.18"]
[White "Otte, Marijn"]
[Black "Dehn, Marcus"]
[Result "0-1"]
[WhiteElo "2351"]
[BlackElo "2137"]
[PlyCount "86"]
[EventDate "2008.12.21"]
[Source "www.chesslib.no"]
[SourceDate "2004.05.04"]

1. e4 e5 2. Bc4 d6 3. c3 Qe7 4. Nf3 h6 5. O-O g5 6. Qb3 Bg7 7. d4 Nd7 8. h3 Nb6 9. Bd3 Be6 10. d5 Bc8 11. Qc2 Nd7 12. b4 Nf8 13. c4 Ng6 14. c5 Nf4 15. Bb5+ Kf8 16. Be3 h5 17. cxd6 cxd6 18. Rc1 Bf6 19. Qxc8+ Rxc8 20. Rxc8+ Kg7 21. Na3 Nh6 22. Rxh8 Kxh8 23. Bxa7 Qc7 24. Nc4 Ne2+ 25. Kf1 Nc3 26. Bb6 Qc8 27. Nxd6 Qb8 28. Rc1 Qxd6 29. Bc5 Qc7 30. Rxc3 b6 31. Bd4 Qa7 32. Bxe5 Bxe5 33. Nxe5 Qxa2 34. Rc8+ Kg7 35. Nd3 Qa1+ 36. Ke2 Qa2+ 37. Kf1 Qa1+ 38. Ke2 Qa2+ 39. Ke3 f5 40. d6 fxe4 41. Bc4 Nf5+ 42. Kxe4 Nxd6+ 43. Kd4 Qa1+ 0-1

[Event "HUN-chT3"]
[Site "HUN"]
[Date "1994.??.??"]
[Round "?"]
[White "Frink, Ferenc"]
[Black "Husek, Zdenek"]
[Result "0-1"]
[WhiteElo "2220"]
[BlackElo "2260"]
[PlyCount "82"]
[EventDate "1994.??.??"]
[Source "www.chesslib.no"]
[SourceDate "2004.05.04"]

1. e4 e5 2. Bc4 d6 3. Nf3 Bg4 4. h3 Bh5 5. Nc3 c6 6. d3 Nd7 7. Be3 Ngf6 8. g4 Bg6 9. Qd2 b5 10. Bb3 a5 11. a4 b4 12. Ne2 d5 13. exd5 cxd5 14. g5 d4 15. Bxd4 exd4 16. gxf6 Qxf6 17. Qf4 Bc5 18. Qxf6 Nxf6 19. O-O O-O 20. Nexd4 Nh5 21. Ne2 Rfe8 22. Rfe1 h6 23. d4 Bd6 24. Bd5 Rac8 25. c3 Rxe2 26. Rxe2 Nf4 27. Rd2 Nxd5 28. cxb4 Bxb4 29. Rdd1 Bh5 30. Rd3 Bg6 31. Rdd1 Nf4 32. d5 Be4 33. Nd4 Nxh3+ 34. Kh2 Nxf2 35. Rdc1 Re8 36. Nc6 Bd6+ 37. Kg1 Nh3+ 38. Kf1 Bd3+ 39. Kg2 Re2+ 40. Kf3 Ng5+ 41. Kg4 Re4+ 0-1

[Event "EST Ch women"]
[Site "Tallinn EST"]
[Date "1996.??.??"]
[Round "5"]
[White "Fomina, Tatyana"]
[Black "Ranniku, Maaja"]
[Result "0-1"]
[WhiteElo "2305"]
[BlackElo "2170"]
[PlyCount "102"]
[EventDate "1996.??.??"]
[Source "www.chesslib.no"]
[SourceDate "2004.05.04"]

1. e4 e5 2. Bc4 Nc6 3. c3 Nf6 4. Qe2 Be7 5. Nf3 d6 6. O-O Na5 7. Bb5+ c6 8. Ba4 b5 9. Bc2 O-O 10. a4 a6 11. d4 Be6 12. Nbd2 Qc7 13. b4 Nc4 14. Bd3 Nb6 15. a5 Na4 16. Ra3 c5 17. bxc5 dxc5 18. d5 Bd7 19. Bc2 c4 20. Bxa4 bxa4 21. Ra2 Bb5 22. Ba3 Bxa3 23. Rxa3 Nd7 24. Nh4 g6 25. Qg4 Kh8 26. Qg5 Qd6 27. Raa1 Qf6 28. Qh6 Qg7 29. Qe3 f5 30. exf5 gxf5 31. Nhf3 Rae8 32. Rfd1 Rg8 33. g3 f4 34. Qe1 Rgf8 35. Kg2 e4 36. Nxe4 fxg3 37. hxg3 Nf6 38. Rd4 Bd7 39. Nh4 Qg4 40. f3 Qh3+ 41. Kg1 Rg8 42. Ng2 Nh5 43. Qf2 Nxg3 44. Nxg3 Rxg3 45. Rg4 Bxg4 46. fxg4 Rxg4 47. Qf6+ Kg8 48. Qf1 Qxc3 49. Rd1 Re5 50. Rb1 Qe3+ 51. Qf2 Rxg2+ 0-1

[Event "San Agustin"]
[Site "?"]
[Date "1998.??.??"]
[Round "6"]
[White "Rusev, Kazimir"]
[Black "Baron, Jesus"]
[Result "0-1"]
[WhiteElo "2125"]
[BlackElo "2350"]
[PlyCount "74"]
[EventDate "1998.??.??"]
[Source "www.chesslib.no"]
[SourceDate "2004.05.04"]

1. e4 e5 2. Bc4 Nc6 3. d3 Be7 4. Nc3 d6 5. f4 Nf6 6. Nge2 Na5 7. O-O O-O 8. a3 Nxc4 9. dxc4 Be6 10. b3 exf4 11. Nxf4 Nd7 12. Ncd5 Bg5 13. Nxe6 fxe6 14. Qg4 Rxf1+ 15. Kxf1 Bxc1 16. Qxe6+ Kh8 17. Rxc1 c6 18. Ne7 Qf8+ 19. Kg1 Nc5 20. Qxd6 Nxe4 21. Qe5 Qf2+ 22. Kh1 Rf8 23. h3 Qe3 24. Kh2 Qxc1 25. Qxe4 Qxa3 26. Qe5 Qc1 27. Nf5 Qg5 28. g4 Qf6 29. Qxf6 Rxf6 30. Kg3 Kg8 31. Ne7+ Kf7 32. Nc8 Ke8 33. c5 Kd7 34. Nd6 Rxd6 35. cxd6 a5 36. Kf4 Kxd6 37. Ke4 b5 0-1

[Event "Open"]
[Site "?"]
[Date "1998.??.??"]
[Round "?"]
[White "Kalinina Vladislava"]
[Black "Borsuk Angela"]
[Result "0-1"]
[WhiteElo "2185"]
[BlackElo "2285"]
[PlyCount "151"]
[EventDate "1998.??.??"]
[Source "www.chesslib.no"]
[SourceDate "2004.05.04"]

1. e4 e5 2. Bc4 Nc6 3. Nc3 d6 4. d3 Nf6 5. h3 Na5 6. Bb3 Nxb3 7. axb3 c6 8. d4 Qc7 9. Be3 b5 10. b4 Be7 11. d5 O-O 12. Nge2 cxd5 13. exd5 Qc4 14. Qd3 Qxd3 15. cxd3 Bb7 16. Bxa7 Nxd5 17. Nxd5 Bxd5 18. O-O Bb3 19. Rfc1 Rfc8 20. Nc3 h6 21. Nxb5 Rxc1+ 22. Rxc1 d5 23. Bc5 Bg5 24. Rc3 Ra1+ 25. Kh2 Bd1 26. Ra3 Rc1 27. Be3 Bxe3 28. fxe3 Rc2 29. d4 Rxb2 30. Nc3 Bf3 31. Ra2 Rb3 32. Ra8+ Kh7 33. Na2 exd4 34. exd4 Rb2 35. Kg3 Bxg2 36. b5 Bf1 37. Nc3 Rb3 38. Kf2 Bc4 39. Nxd5 Bxb5 40. Ne3 Bd7 41. h4 Rb4 42. Rf8 Bc6 43. Rd8 Be4 44. Kg3 g5 45. hxg5 hxg5 46. Kg4 f6 47. Nf5 Rb7 48. Rf8 Kg6 49. Rg8+ Kf7 50. Rd8 Bxf5+ 51. Kxf5 Rb5+ 52. Kg4 Ke7 53. Ra8 Rb4 54. Ra7+ Ke6 55. Ra6+ Kf7 56. Kf5 Rb5+ 57. Kg4 Rd5 58. Ra4 Kg6 59. Kg3 Kf5 60. Kf3 g4+ 61. Ke3 Rb5 62. Ra3 Kg5 63. Rd3 f5 64. d5 f4+ 65. Kf2 Rb2+ 66. Kf1 Rb7 67. d6 Rd7 68. Kf2 Kf5 69. Rd5+ Ke4 70. Rg5 g3+ 71. Kg2 Rxd6 72. Ra5 Rd2+ 73. Kh1 f3 74. Ra4+ Ke3 75. Ra3+ Ke2 76. Ra1 0-1

[Event "Olomouc op"]
[Site "Olomouc"]
[Date "2002.08.01"]
[Round "2"]
[White "Cichy, Miroslav"]
[Black "Genocchio, Daniele"]
[Result "0-1"]
[WhiteElo "2098"]
[BlackElo "2372"]
[PlyCount "56"]
[EventDate "2002.07.31"]
[Source "ChessBase"]
[SourceDate "2002.09.11"]

1. e4 e5 2. Bc4 d6 3. Nf3 c6 4. Qe2 Be7 5. c3 Nf6 6. d3 Nbd7 7. Nbd2 Nf8 8. Ng5 d5 9. exd5 cxd5 10. Bb3 Ng6 11. Nf1 O-O 12. Bd2 h6 13. Nf3 Qc7 14. O-O-O b5 15. Kb1 a5 16. h4 Re8 17. g3 e4 18. dxe4 dxe4 19. N3h2 a4 20. Bc2 a3 21. h5 Nf8 22. b3 Nd5 23. Bxe4 Qxc3 24. Bxc3 Nxc3+ 25. Kc2 Nxe2 26. Rd2 Bg5 27. Rxe2 Bf5 28. f3 Rac8+ 0-1

[Event "SVK-chT 0102"]
[Site "SVK"]
[Date "2001.??.??"]
[Round "4"]
[White "Todor, Razvan"]
[Black "Husek, Zdenek"]
[Result "0-1"]
[WhiteElo "2215"]
[BlackElo "2250"]
[PlyCount "78"]
[EventDate "2001.10.??"]
[Source "ChessBase"]
[SourceDate "2002.01.21"]

1. e4 e5 2. Bc4 d6 3. d4 exd4 4. Qxd4 Nc6 5. Qe3 Be6 6. Bxe6 fxe6 7. Qb3 Qd7 8. Qxb7 Rb8 9. Qa6 Nf6 10. Nc3 g6 11. Nf3 Bg7 12. O-O O-O 13. a3 Nh5 14. Qc4 Nf4 15. Bxf4 Rxf4 16. Ng5 d5 17. Qd3 Nd4 18. Rad1 c6 19. Qe3 e5 20. Rxd4 Qg4 21. Nh3 exd4 22. Qxf4 Qxf4 23. Nxf4 dxc3 24. bxc3 dxe4 25. Ne2 Rb2 26. Rd1 Rxc2 27. Kf1 Ra2 28. Rd8+ Bf8 29. Nd4 Kf7 30. Nxc6 Bc5 31. Nd4 Rxa3 32. Rd7+ Kf6 33. Rxh7 Rxc3 34. Nb5 Rc1+ 35. Ke2 Rc2+ 36. Kd1 Rxf2 37. Nxa7 e3 38. Nb5 e2+ 39. Ke1 Bb4+ 0-1

[Event "President's Cup"]
[Site "Abudhabi UAE"]
[Date "1995.??.??"]
[Round "?"]
[White "Hamed, Ahmed"]
[Black "Ismail, Ibrahem Y"]
[Result "1-0"]
[WhiteElo "2320"]
[BlackElo "2140"]
[PlyCount "75"]
[EventDate "1995.??.??"]
[Source "www.chesslib.no"]
[SourceDate "2004.05.04"]

1. e4 e5 2. Bc4 d6 3. d3 Nf6 4. Ne2 g6 5. Nbc3 c6 6. O-O Nbd7 7. f4 Bg7 8. f5 b5 9. Bb3 Nc5 10. Ng3 Nxb3 11. axb3 O-O 12. Bg5 h5 13. h3 Qb6+ 14. Kh2 Nh7 15. Be7 Re8 16. f6 h4 17. Qf3 Ng5 18. Qe2 hxg3+ 19. Kxg3 Bh6 20. Kh2 Ne6 21. Nd1 Bf8 22. Bxf8 Rxf8 23. Qg4 d5 24. Qh4 dxe4 25. dxe4 Qd4 26. Qh6 Qxe4 27. Nc3 Qxc2 28. Rac1 Qd3 29. Rcd1 Qc2 30. Rd6 g5 31. Rxe6 Qg6 32. Qxg6+ fxg6 33. Rxe5 g4 34. hxg4 Bxg4 35. Rg5 Be6 36. Rxg6+ Kf7 37. Rg7+ Ke8 38. Re7+ 1-0